مكتبة جامعة عجلون الوطنية

فهرس بحث المكتبة

Normal view MARC view
  • ادارة المعرفه - الموارد البشريه - بنك المدن والقرى - الاردن

Entry Topical Term

Number of records used in: 1

001 - CONTROL NUMBER

  • control field: 59778

003 - CONTROL NUMBER IDENTIFIER

  • control field: JO-AjAnu

005 - DATE AND TIME OF LATEST TRANSACTION

  • control field: 20230606083755.0

008 - FIXED-LENGTH DATA ELEMENTS

  • fixed length control field: 230606|| aca||aabn | a|a d

040 ## - CATALOGING SOURCE

  • Original cataloging agency: JO-AjAnu
  • Transcribing agency: JO-AjAnu

150 ## - HEADING--TOPICAL TERM

  • Topical term or geographic name entry element: ادارة المعرفه - الموارد البشريه - بنك المدن والقرى - الاردن

670 ## - SOURCE DATA FOUND

  • Source citation: Work cat.: (JO-AjAnu)30485: اعداد عبابنة، اشرف ماجد محمد؛ إشراف ياسر عيسى المومني, author 59777, اثر إدارة المعرفة على تحسين أداء الموارد البشرية في بنك تنمية المدن والقرى في الأردن Bank In Jordan The Impact of Knowledge Management on Improving Human Resource Performance in Cities and Villages Development